00494nam a2200181Ia 4500003000400000005001700004008004000021020001800061040000700079041001200086082001300098100004100111245002500152260006000177300001200237440001000249650005300259OSt20250708113418.0210210b2002 xxu||||| |||| 00| 0 eng d a81 7381 028 1 cAL aEnglish a581 GANC aGangulee Hirendra Chandra and Others aCollege botany Vol 1 aCalcuttabNew Central Book Agency Private Limitedc2002 axii,971 aVol 1 aAngiosperms Morphology Plant Anatomy Physiology